All land-locked countries in the world - Statistics

General Stats
  • This quiz has been taken 171 times
  • The average score is 35 of 45
Answer Stats
First letter Answer % Correct
A Andorra
90%
B Bolivia
90%
A Austria
86%
C Chad
86%
N Niger
84%
A Afghanistan
83%
H Hungary
83%
M Mongolia
83%
R Rwanda
81%
V Vatican City
81%
Z Zambia
81%
P Paraguay
80%
U Uzbekistan
80%
Z Zimbabwe
80%
L Liechtenstein
79%
L Luxembourg
79%
T Tajikistan
79%
U Uganda
79%
M Mali
78%
S San Marino
78%
S South Sudan
78%
T Turkmenistan
78%
A Armenia
77%
B Bhutan
77%
B Botswana
77%
K Kazakstan
77%
K Kyrgyzstan
77%
S Slovakia
77%
B Burundi
76%
C Czech Republic
76%
K Kosovo
76%
L Lesotho
76%
N Nepal
76%
C Central African Republic
75%
S Switzerland
74%
E Ethiopia
73%
B Burkina Faso
72%
E Eswatini
72%
A Azerbaijan
71%
S Serbia
71%
L Laos
70%
B Belarus
67%
M Moldova
67%
N North Macedonia
63%
M Malawi
59%
No matching quizzes found
Score Distribution
Percent of People with Each Score
Percentile by Number Answered
Your Score History
You have not taken this quiz